| 000 | 01819cam a22003134a 4500 | ||
|---|---|---|---|
| 001 | 16927241 | ||
| 005 | 20161121110920.0 | ||
| 008 | 110819s2012 enk 001 0 eng | ||
| 010 | _a 2011035306 | ||
| 020 | _a978-1-405-18282-9 (paper) | ||
| 040 |
_aDLC _cDLC _dDLC |
||
| 042 | _apcc | ||
| 050 | 0 | 0 |
_aPN81 _b.L93 2012 |
| 082 | 0 | 0 |
_aDC 801.95 _22012 _bR95 |
| 084 |
_aLIT006000 _2bisacsh |
||
| 100 | 1 |
_aRyan, Michael, _d1951- |
|
| 245 | 1 | 3 |
_aAn introduction to criticism : _bliterature, film, culture / _cMichael Ryan. |
| 260 |
_aChichester, West Sussex ; _aMalden, MA : _bWiley-Blackwell, _c2012. |
||
| 300 |
_axii, 193 pages, [16] p. of plates : _billustrations ; _c23 cm. |
||
| 500 | _aIncludes index. | ||
| 520 | _a"An accessible and thorough introduction to literary theory and contemporary critical practice, this book is an essential resource for beginning students of literary criticism. Covers traditional approaches such as formalism and structuralism, as well as more recent developments in criticism such as evolutionary theory, cognitive studies, ethical criticism, and ecocriticism Offers explanations of key works and major ideas in literary criticism and suggests key elements to look for in a literary text Also applies critical approaches to various examples from film studies Enables students to build a critical framework and write analytically "-- | ||
| 650 | 0 | _aCriticism. | |
| 650 | 7 |
_aLITERARY CRITICISM / Semiotics & Theory. _2bisacsh |
|
| 856 | 4 | 2 |
_3Cover image _uhttp://catalogimages.wiley.com/images/db/jimages/9781405182836.jpg |
| 365 |
_b3,353.21 _cPhp |
||
| 906 |
_a7 _bcbc _corignew _d1 _eecip _f20 _gy-gencatlg |
||
| 942 |
_2ddc _cDC |
||
| 999 |
_c5820 _d5820 |
||